000 00650nam a22002297a 4500
003 UA-OsUOA
001 93522
007 ta
008 20130122b un ||||| |||| 00| 0 ukr d
100 _aВарналіс К.
090 _a821.14
_bВ18
942 _cBK
040 _aUA-OsUOA
_bukr
_cUA-OsUOA
_dUA-OsUOA
245 _aСправжня апологія Сократа
_bсатиричні новели та портрети
300 _a262 с.
955 _a3
041 _aukr
080 _a821.14
260 _aК.
_bДніпро
_c1984
650 7 _a82 Література. Літературознавство
_2UDC
999 _c379763
_d379763